000 00594nam a2200205Ia 4500
005 20241216011312.0
008 190429s9999||||xx |||||||||||||| ||und||
082 _a553.1
_bF65
100 _aFLORES MOINA FLOIRAN
245 0 _aGEOLOGIA Y MINERAL POTENCIAL MINA SAYAPULLO
250 _a0
260 _aCERRO DE PASCO-PERU
_bUNDAC
_c1998
300 _a74 pag.
_c30 cm.
341 _h0
490 _v0
_a0
505 _aGEOLOGIA/YACIMIENTO/TIPOS/VETAS/BRECHAS/TEXTURA/MINERALIZACI
541 _aD
_bFLORES MOINA, FLOIRAN
_d18-Mar-03
_oSoles
650 _aIngenieria Geologica
942 _cTESIS
999 _c38176
_d38176